Povrchové celky Slovenska - Statistics

General Stats
  • This quiz has been taken 695 times
  • The average score is 32 of 84
Answers on the Map
Answers color-coded by a green-red scale on the quiz's map according to % correct below.
 
Answer Stats
Answer % Correct
Tatry
62%
Biele Karpaty
59%
Nízke Tatry
59%
Podunajská rovina
56%
Podunajská pahorkatina
55%
Malé Karpaty
54%
Burda
53%
Borská nížina
48%
Pieniny
48%
Tríbeč
48%
Juhoslovenská kotlina
47%
Košická kotlina
47%
Východoslovenská rovina
47%
Bukovské vrchy
46%
Javorníky
46%
Myjavská pahorkatina
46%
Podtatranská kotlina
46%
Východoslovenská pahorkatina
45%
Branisko
44%
Cerová vrchovina
43%
Malá Fatra
43%
Podtatranská brázda
43%
Poľana
43%
Veľká Fatra
43%
Ľubovnianska vrchovina
41%
Bachureň
40%
Dolnomoravský úval
40%
Jablunkovské medzihorie
40%
Busov
39%
Kozie chrbty
39%
Moravsko-sliezske Beskydy
39%
Považské podolie
39%
Slovenský kras
39%
Spišská Magura
39%
Horehronské podolie
38%
Vihorlatské vrchy
38%
Beskydské predhorie
37%
Čergov
37%
Hornonitrianska kotlina
37%
Oravská Magura
37%
Zemplínske vrchy
37%
Hornádska kotlina
36%
Levočské vrchy
36%
Ondavská vrchovina
36%
Považský Inovec
36%
Štiavnické vrchy
36%
Vtáčnik
36%
Žiar
36%
Žilinská kotlina
36%
Zvolenská kotlina
36%
Laborecká vrchovina
35%
Spišsko-gemerský kras
35%
Volovské vrchy
35%
Javorie
34%
Kremnické vrchy
34%
Šarišská vrchovina
34%
Strážovské vrchy
34%
Turčianska kotlina
34%
Oravská kotlina
33%
Oravské Beskydy
33%
Rožňavská kotlina
33%
Spišsko-šarišské medzihorie
33%
Chvojnická pahorkatina
32%
Čierna hora
32%
Kysucké Beskydy
31%
Ostrôžky
31%
Pohronský Inovec
31%
Slanské vrchy
31%
Bodvianska pahorkatina
30%
Chočské vrchy
30%
Kysucká vrchovina
30%
Pliešovská kotlina
30%
Oravská vrchovina
29%
Revúcka vrchovina
29%
Turzovská vrchovina
29%
Krupinská planina
28%
Podbeskydská brázda
28%
Stolické vrchy
28%
Súľovské vrchy
28%
Veporské vrchy
28%
Žiarska kotlina
27%
Podbeskydská vrchovina
26%
Starohorské vrchy
26%
Skorušinské vrchy
24%
No matching quizzes found
Score Distribution
Percent of People with Each Score
Percentile by Number Answered
Your Score History
You have not taken this quiz